00402nam a2200145Ia 4500003000400000008004100004040001600045082001600061100002300077245006400100260003800164300001000202650001200212650003200224GCL140319s9999 xx 000 0 eng d aGCL / cGCL04a940.54bD W1 aDAWIDOWICZ, LUCY S10aTHE WAR AGAINST THE JEWS 1933 - 1945 / cDAWIDOWICZ, LUCY S a[S.N] : bPENGUIN BOOKS ، c1987 a556 P04aHISTORY04aJEWS - HISTORY, 1789 - 1945